|
|
|
|
| LEADER |
00598nam a22001697a 4500 |
| 008 |
161021b xxu||||| |||| 00| 0 eng d |
| 020 |
|
|
|a 9788178241401
|
| 082 |
|
|
|a 508.5
|b RAN
|
| 100 |
|
|
|a Rangarajan, Mahesh
|
| 245 |
|
|
|a India's wild life history :
|b an introduction /
|
| 260 |
|
|
|a Delhi :
|b Permanent Black,
|c 2001.
|
| 300 |
|
|
|a 135p.
|
| 650 |
|
|
|a Wildlife
|
| 650 |
|
|
|a Animals
|
| 942 |
|
|
|2 ddc
|c BK
|
| 999 |
|
|
|c 15621
|d 15621
|
| 952 |
|
|
|0 0
|1 0
|2 ddc
|4 0
|6 508_500000000000000_RAN
|7 0
|9 22029
|a MAIN
|b MAIN
|d 2016-10-21
|e Mathrubhumi Books
|g 295.00
|l 1
|o 508.5 RAN
|p 21945
|q 2020-06-24
|r 2020-05-25
|s 2020-05-25
|t 1
|w 2016-10-21
|y BK
|